000
003240000a22001450004500
005
20120302054452.0
942
_c
BOOK
245
_a
Kalyan Anka:Varsha 40-Anka 5
260
_a
Gorakhpur:Geeta,1966.
300
_a
896-956p.
040
_a
HIN
650
_a
Sankirna
650
_a
Maasik-Sankirna
650
_a
Kalyan-Maasik
999
_c
345714
_d
345711